El Carlismo en su tiempo: geografías de la contrarrevolución : I Jornadas de Estudio del Carlismo : actas : 18 - 21 Septtiembre 2007, Estella geografías de la contrarrevolución :
ISBN:
978-84-235-3069-4
Publicado:
Navarra :
Gobierno de Navarra. Departamento de Cultura y Turismo - Institución Príncipe de Viana ,
2008
Descripción Física:
265 p. ; 24 cm + 1 CD-ROM
Materias:
Carlisme -- Història -- Congressos
MARC
| LEADER | 00000nam a2200000Ia 4500 | ||
|---|---|---|---|
| 001 | 20490 | ||
| 003 | BGR | ||
| 005 | 20260324180059.0 | ||
| 008 | 160829s2008 xx 000 0 cat d | ||
| 020 | |a 978-84-235-3069-4 | ||
| 080 | |a H-3-65 | ||
| 111 | |a Jornadas de Estudio del Carlismo |9 71074 |c (Estella: |d 2007) | ||
| 245 | |a El Carlismo en su tiempo: |b geografías de la contrarrevolución : |b I Jornadas de Estudio del Carlismo : |b actas : |b 18 - 21 Septtiembre 2007, Estella | ||
| 260 | |a Navarra : |b Gobierno de Navarra. Departamento de Cultura y Turismo - Institución Príncipe de Viana, |c 2008 | ||
| 300 | |a 265 p. ; |c 24 cm + 1 CD-ROM | ||
| 590 | |a A la part superior de la portada: Museo del Carlismo | ||
| 650 | |a Carlisme |x Història |x Congressos |9 38275 | ||
| 710 | 1 | |a Navarra. |b Departamento de Cultura y Turismo |9 54195 | |
| 710 | 1 | |a Institución Príncipe de Viana |9 71073 | |
| 901 | |a Arxiu | ||
| 942 | |n 1 |2 udc |c JC | ||
| 952 | |0 0 |1 0 |4 0 |6 H365 |7 1 |9 52783 |a Arxiu |b Arxiu |d 2016-12-01 |l 0 |o H-3-65 |p 20490 |r 2016-12-01 00:00:00 |w 2016-12-01 |y ARXIU | ||
| 999 | |c 56632 |d 56632 | ||